|
|
|
|
| LEADER |
01143cam a22003377i 4500 |
| 001 |
001926859 |
| 003 |
CZ BrMZK |
| 005 |
20250226125052.0 |
| 007 |
ta |
| 008 |
250226s1913 gw ab fr 001 0 ger d |
| 040 |
|
|
|a CaQMU
|b cze
|d ABD067
|d BOA001
|e rda
|
| 041 |
1 |
|
|a ger
|h swe
|
| 072 |
|
7 |
|a 52
|x Astronomie
|2 Konspekt
|9 6
|
| 100 |
1 |
|
|a Arrhenius, Svante,
|d 1859-1927
|7 mzk2002142320
|4 aut
|
| 245 |
1 |
4 |
|a Das Werden der Welten /
|c von Svante Arrhenius ; aus dem Swedischen übersetzt von L. Bamberger
|
| 250 |
|
|
|a 9. bis 13. Tausend
|
| 264 |
|
1 |
|a Leipzig :
|b Akademische Verlagsgesellschaft,
|c 1913
|
| 300 |
|
|
|a xi, 231 stran :
|b ilustrace, mapy ;
|c 24 cm
|
| 336 |
|
|
|a text
|b txt
|2 rdacontent
|
| 337 |
|
|
|a bez média
|b n
|2 rdamedia
|
| 338 |
|
|
|a svazek
|b nc
|2 rdacarrier
|
| 500 |
|
|
|a Obsahuje rejstřík
|
| 500 |
|
|
|a Přeloženo ze švédštiny
|
| 650 |
0 |
7 |
|a vesmír
|7 ph116566
|2 czenas
|
| 650 |
0 |
7 |
|a kosmologie
|7 ph114989
|2 czenas
|
| 700 |
1 |
|
|a Bamberger, Lily
|4 trl
|
| 910 |
|
|
|a BOA001
|b 2-0176.807
|
| 990 |
|
|
|a BK
|
| 993 |
|
|
|a Y
|
| 991 |
|
|
|b 202502
|
| 996 |
6 |
|
|b 2618786785
|c 2-0176.807
|l MZK
|r Sklad / do 24 hodin
|n 0
|w 001996561
|u 000010
|a 1
|e BOA001
|j MZK50
|s P
|